| 000 | 00587cam a2200229 4500 | ||
|---|---|---|---|
| 008 | 000000n2000 000 0 eng u | ||
| 020 | _a1860814166 | ||
| 035 | _a(Sirsi) u109692 | ||
| 050 | _a690.2 | ||
| 110 | _aBuilding Research Establishment | ||
| 245 | _aProtecting pipes from freezing. | ||
| 260 |
_aLondon _bCRC _c2000 |
||
| 300 | _a4p. ; 30cm. | ||
| 490 |
_aBRE Good Building Guide _vGBG 40 |
||
| 650 | _aCOLD WEATHER | ||
| 650 | _aFROZEN PIPES | ||
| 650 | _aPLUMBING | ||
| 650 | _aBURST PIPES | ||
| 650 | _aINSULATION | ||
| 690 | _aBUILT ENVIRONMENT | ||
| 942 | _n0 | ||
| 999 |
_c100973 _d100973 |
||